000 00517nam a2200157 4500
001 132535
003 ES-MaACL
005 20230906194209.0
007 t|
008 070214s1955 sp r ||||1| spa d
100 1 _aRomán Puchol, Ramón.
_999232
245 1 0 _aTaquigrafía de la lengua española con un apéndice de Taquigrafía mecánica /
_cRamón Román Puchol.
260 _aGranada :
_b[s.n.],
_c1955 (
_fImp. F. Román Camacho)
300 _a174 p. :
_bil. ;
_c18 cm.
852 _aES-MaACL
_jC-10656
_bR.38115
999 _c132535
_d132535